[Event "La Vega op 3rd"]
[Site "La Vega"]
[Date "2019.08.20"]
[Round "1"]
[White "Luzon, Pedro"]
[Black "Nunez V, Gustavo Eduardo"]
[Result "0-1"]
[WhiteElo "1718"]
[BlackElo "2233"]
[PlyCount "98"]
[EventDate "2019.08.20"]
[EventType "swiss"]
[EventRounds "9"]
[EventCountry "DOM"]
[SourceTitle "EXT 2020"]
[Source "ChessBase"]
[SourceDate "2019.10.17"]
[SourceVersion "1"]
[SourceVersionDate "2019.10.17"]
[SourceQuality "1"]

1. e4 c5 2. Nf3 e6 3. d4 cxd4 4. Nxd4 a6 5. Nc3 Qc7 6. Be2 Nf6 7. 0-0 d6 8. Be3 b5 9. a3 Bb7 10. Bf3 Nbd7 11. Re1 Ne5 12. Bg5 Be7 13. Rc1 0-0 14. Nde2 Nxf3+ 15. gxf3 d5 16. Ng3 dxe4 17. Ngxe4 Nxe4 18. Bxe7 Nxf2 19. Qd6 Nh3+ 20. Kg2 Qxd6 21. Bxd6 Rfd8 22. Be5 Ng5 23. Ne4 Nxe4 24. fxe4 f5 25. Kf2 Bxe4 26. Re2 Rd5 27. Bf4 Rc8 28. c3 Kf7 29. Rg1 Rcd8 30. Rge1 Kf6 31. h4 h6 32. Rg1 e5 33. Be3 Rd1 34. Ree1 Rxe1 35. Rxe1 g5 36. hxg5+ hxg5 37. Re2 Rd1 38. Re1 Rxe1 39. Kxe1 f4 40. Bc5 Bd5 41. Kf2 e4 42. Bd4+ Kf5 43. Bb6 g4 44. Bd4 g3+ 45. Kg1 e3 46. Bc5 Ke4 47. Kf1 f3 48. Bb6 g2+ 49. Kg1 Kd3 0-1